Heat transfer / (Record no. 184030)
[ view plain ]
| 000 -LEADER | |
|---|---|
| fixed length control field | 01183 a2200205 4500 |
| 003 - CONTROL NUMBER IDENTIFIER | |
| control field | Nust |
| 005 - DATE AND TIME OF LATEST TRANSACTION | |
| control field | 20221201092624.0 |
| 010 ## - LIBRARY OF CONGRESS CONTROL NUMBER | |
| LC control number | 75023381 |
| 020 ## - INTERNATIONAL STANDARD BOOK NUMBER | |
| International Standard Book Number | 0070295980 |
| 040 ## - CATALOGING SOURCE | |
| Transcribing agency | Nust |
| 082 00 - DEWEY DECIMAL CLASSIFICATION NUMBER | |
| Classification number | 536.2,HOL |
| 100 1# - MAIN ENTRY--PERSONAL NAME | |
| Personal name | Holman, J. P. |
| 245 10 - TITLE STATEMENT | |
| Title | Heat transfer / |
| Statement of responsibility, etc. | J. P. Holman. |
| 250 ## - EDITION STATEMENT | |
| Edition statement | 4th ed. |
| 260 ## - PUBLICATION, DISTRIBUTION, ETC. | |
| Place of publication, distribution, etc. | New York : |
| Name of publisher, distributor, etc. | McGraw-Hill, |
| Date of publication, distribution, etc. | c1976. |
| 300 ## - PHYSICAL DESCRIPTION | |
| Extent | xvii, 530 p. : |
| Other physical details | ill. ; |
| Dimensions | 24 cm. |
| 505 ## - FORMATTED CONTENTS NOTE | |
| Formatted contents note | Chapter 1, Introduction (Page-1), Chapter 2, Steady-State Conduction-one Dimension (Page-23), Chapter 3, Steady-State Conduction-Two Dimensions (Page-57), Chapter 4, , Steady-State Conduction (Page-95), Chapter 5, Principals of Convection (Page-147), Chapter 6, Empirical and Practical Relations for Forced- Convection Heat Transfer (Page-201), Chapter 7, Natural- Convection System (Page-234), Chapter 8, Radiation Heat Transfer (Page-273), Chapter 9, Conduction and Boiling Heat Transfer (Page-355), Chapter 10, Heat Exchangers (Page-385), Chapter 11, Mass Transfer (Page-425), Chapter 12, Special Topics in Heat Transfer (Page-441), Chapter 13, Heat Transfer in the Environment (Page-471). |
| 650 #0 - SUBJECT ADDED ENTRY--TOPICAL TERM | |
| Topical term or geographic name entry element | Heat |
| General subdivision | Transmission. |
| 942 ## - ADDED ENTRY ELEMENTS (KOHA) | |
| Source of classification or shelving scheme | |
| Koha item type | Book |
| Call number prefix | 536.2,HOL |
| Withdrawn status | Lost status | Source of classification or shelving scheme | Damaged status | Not for loan | Permanent Location | Current Location | Shelving location | Date acquired | Full call number | Barcode | Date last seen | Price effective from | Koha item type | Public note |
|---|---|---|---|---|---|---|---|---|---|---|---|---|---|---|
| Military College of Signals (MCS) | Military College of Signals (MCS) | General Stacks | 12/12/2016 | 536.2,HOL | MCS6083 | 12/08/2016 | 12/12/2016 | Book | Almirah No. 16, Shelf No.3 |
